000 00983nam a2200253 i 4500
001 12286
003 ES-MaACL
005 20250115063036.0
008 000000s1983 sp |||| | spa j
020 _a84-276-0634-6
080 _a29
100 1 _aBoccaccio, Giovanni,
_d1313-1375
_929661
245 1 0 _aGenealogía de los dioses paganos /
_cGiovanni Boccaccio ; edición preparada por Mª Consuelo Alvarez y Rosa Mª Iglesias.
260 _aMadrid :
_bEditora Nacional,
_c1983.
300 _a903 p. ;
_c21 cm.
490 1 _aClásicos para una biblioteca contemporánea. Literatura ;
_v30
504 _aBibliografía: p. 42-44. Índice.
650 4 _aMitología clásica-
_vObras anteriores a 1800.
_9169881
700 1 _aÁlvarez Morán, María Consuelo.
_9169882
700 1 _aIglesias, Rosa María.
_965091
830 0 _aClásicos para una biblioteca contemporánea. Literatura ;
_v30
_9180989
852 _aES-MaACL
_jL-19513
999 _c12286
_d12286